MARC

Tag First Indicator Second Indicator Subfields
LEADER 00000nam a2200000 a 4500
001 in00004677721
006 m o d
007 cr cnu---unuuu
008 081029s1974 ne a ob 101 0 eng d
005 20260214233558.4
020 |a 9780470715086  |q (electronic bk.) 
020 |a 0470715081  |q (electronic bk.) 
020 |z 9780470715390 
020 |z 0470715391 
020 |z 9780444150202 
020 |z 044415020X 
020 |z 9021940248 
020 |z 9789021940243  |q (Excerpta Medica) 
024 7 |a 10.1002/9780470715390  |2 doi 
035 |a wil6007436 
035 |a (NhCcYBP)wil6007436 
040 |a NhCcYBP  |b eng  |c NhCcYBP 
042 |a dlr 
050 4 |a RA422  |b .S92 1973 
060 4 |a W3  |b C161F v.23 1973 
060 4 |a WA 525  |b S9893h 1973 
072 7 |a MED  |x 030000  |2 bisacsh 
072 7 |a MED  |x 076000  |2 bisacsh 
072 7 |a MED  |x 078000  |2 bisacsh 
082 0 4 |a 614  |2 22 
084 |a WK 8500  |2 rvk 
084 |a XF 1005  |2 rvk 
111 2 |a Symposium on Human Rights in Health  |d (1973 :  |c Ciba Foundation) 
245 1 0 |a Human rights in health. 
260 |a Amsterdam ;  |a New York :  |b Elsevier :  |b Associated Scientific,  |c 1974. 
300 |a 1 online resource (viii, 304 pages) :  |b illustrations 
336 |a text  |b txt  |2 rdacontent 
337 |a computer  |b c  |2 rdamedia 
338 |a online resource  |b cr  |2 rdacarrier 
490 1 |a Ciba Foundation symposium ;  |v 23 (new ser.) 
500 |a Proceedings of Symposium on Human Rights in Health, held London, 4th-6th July, 1973. 
500 |a Editors: Katherine Elliott and Julie Knight. 
504 |a Includes bibliographical references and indexes. 
505 0 |a Financial resources : present and future / Charles Elliott -- Water supply in developing countries / B.H. Dieterich -- Domestic water supply : right or good? / Gilbert F. White -- Domestic water supplies for rural peoples in the developing countries: the hope of technology / Ian Burton -- Water supplies : the consequences of change / David J. Bradley -- The food potential / N.W. Pirie -- Whither the food and population equation? / W.H. Pawley -- Food supplies for physiologically vulnerable groups / Derrick B. Jelliffe, E.F. Patrice Jelliffe -- Health services and medical education in China : a brief report / O. Mellander -- The control of communicable disease : problems and prospects / Geoffrey Edsall -- Cost-effectiveness and cost-benefit aspects of preventive measures against communicable diseases / B. Cvjetanovic -- The basic human right to the means of controlling fertility / Malcolm Potts -- Personal health care : the quest for a human right / Maurice King -- Bottlenecks in implementation : some aspects of the Scandinavian experience / Wenche B. Eide, Mogens Jul, Olof Mellander. 
588 0 |a Print version record. 
533 |a Electronic reproduction.  |b [Place of publication not identified] :  |c HathiTrust Digital Library,  |d 2010.  |5 MiAaHDL 
538 |a Master and use copy. Digital master created according to Benchmark for Faithful Digital Reproductions of Monographs and Serials, Version 1. Digital Library Federation, December 2002.  |u http://purl.oclc.org/DLF/benchrepro0212  |5 MiAaHDL 
583 1 |a digitized  |c 2010  |h HathiTrust Digital Library  |l committed to preserve  |2 pda  |5 MiAaHDL 
650 0 |a Public health  |v Congresses. 
650 0 |a Environmental health  |v Congresses. 
650 0 |a Water-supply  |v Congresses. 
650 0 |a Food supply  |v Congresses. 
650 0 |a Birth control  |v Congresses. 
650 2 |a Developing Countries.  |0 (DNLM)D003906 
650 2 |a Human Rights.  |0 (DNLM)D006806 
650 2 |a Public Health.  |0 (DNLM)D011634 
655 2 |a Congress.  |0 (DNLM)D016423 
655 4 |a Electronic books. 
700 1 |a Elliott, Katherine May. 
700 1 |a Knight, Julie. 
710 2 |a Ciba Foundation. 
776 0 8 |i Print version:  |a Symposium on Human Rights in Health (1973 : Ciba Foundation).  |t Human rights in health.  |d Amsterdam ; New York : Elsevier : Associated Scientific, 1974  |z 9780470715390  |w (DLC) 73092879 
830 0 |a Ciba Foundation symposium ;  |v new ser. 23. 
856 4 0 |u http://proxy.library.tamu.edu/login?url=https://onlinelibrary.wiley.com/book/10.1002/9780470715390  |z Connect to the full text of this electronic book  |t 0 
955 |a Wiley EBA record 
975 |p Wiley UBCM Full Collection 2026 
999 f f |s bbc50961-03ee-42b2-b3dd-cb48aca752a5  |i f043855d-eb59-4fd8-94ef-1d7957eecfda  |t 0 
952 f f |a Texas A&M University  |b College Station  |c Electronic Resources  |s evans_pda  |d Available Online  |t 0  |e RA422 .S92 1973  |h Library of Congress classification 
998 f f |a RA422 .S92 1973  |t 0  |l Available Online